000 00700nam a2200289Ia 4500
005 20260324122259.0
008 008 260324s9999 xx 000 0 eng d
020 _a9780429096792
037 _aEBOOK
040 _aCRL
040 _beng
040 _cCRL
041 _2eng
041 _aeng
084 _qCRL
100 _aSandra Lach Arlinghaus; Joseph J. Kerski
_91165837
245 0 _aSpatial Mathematics
245 0 _bTheory and Practice through Mapping
260 _bTaylor and Francis
260 _c2013
365 _a
365 _b275
856 _uhttp://www.taylorfrancis.com/books/9780429096792
942 _cEBOOK
999 _c1758449
_d1758449